फिजीद्वीप में मेरे 21 वर्ष / (Record no. 26524)
[ view plain ]
| 000 -LEADER | |
|---|---|
| fixed length control field | 01227nam a22002537a 4500 |
| 005 - DATE AND TIME OF LATEST TRANSACTION | |
| control field | 20090518134948.0 |
| 008 - FIXED-LENGTH DATA ELEMENTS--GENERAL INFORMATION | |
| fixed length control field | 090518t xxu||||| |||| 00| 0 hin d |
| 010 ## - LCCN (DPL NO) | |
| LC control number | HIN-86532 |
| 020 ## - INTERNATIONAL STANDARD BOOK NUMBER | |
| International Standard Book Number | 8189914618 |
| Terms of availability | 155.00 |
| 035 ## - SYSTEM CONTROL NUMBER | |
| System control number | HN-58878 |
| 037 ## - SOURCE OF ACQUISITION | |
| Source of stock number/acquisition | DBAD / PUB |
| 040 ## - CATALOGING SOURCE | |
| Original cataloging agency | dpl |
| Language of cataloging | hn |
| 082 ## - DEWEY DECIMAL CLASSIFICATION NUMBER | |
| Classification number | 921 |
| 100 ## - MAIN ENTRY--PERSONAL NAME | |
| Personal name | सनाढ्य, तोताराम |
| 245 ## - TITLE STATEMENT | |
| Title | फिजीद्वीप में मेरे 21 वर्ष / |
| Statement of responsibility, etc | तोताराम सनाढ्य |
| 246 ## - VARYING FORM OF TITLE | |
| Title proper/short title | Fijeedvip men mere 21 Varsha |
| Remainder of title | by Totaram Sanadhay |
| 260 ## - PUBLICATION, DISTRIBUTION, ETC. (IMPRINT) | |
| Place of publication, distribution, etc | गाजियाबाद |
| Name of publisher, distributor, etc | रेमाधव पब्लिकेशन्स |
| Date of publication, distribution, etc | 2009 |
| 270 ## - ADDRESS | |
| Address | सी-22, तृतीय तल, आर.डी.सी., राजनगर |
| City | गाजियाबाद |
| Postal code | 201002 |
| Electronic mail address | contact@remadhav.com |
| 300 ## - PHYSICAL DESCRIPTION | |
| Extent | 127 पृ. |
| Dimensions | 22सेमी (सजिल्द) |
| 600 ## - SUBJECT ADDED ENTRY--PERSONAL NAME | |
| Personal name | सनाढ्य, तोताराम |
| General subdivision | स्मृति |
| 600 ## - SUBJECT ADDED ENTRY--PERSONAL NAME | |
| Personal name | Sanadhya, Totaram |
| General subdivision | Memory |
| 942 ## - ADDED ENTRY ELEMENTS (KOHA) | |
| Source of classification or shelving scheme | Dewey Decimal Classification |
| Item type | Hindi Books |
| Call number suffix | सनाढ्य |
| Classification part | 921 |
| Withdrawn status | Lost status | Source of classification or shelving scheme | Damaged status | Not for loan | Home library | Current library | Date acquired | Source of acquisition | Cost, normal purchase price | Total Checkouts | Full call number | Barcode | Date last seen | Copy number | Cost, replacement price | Koha item type |
|---|---|---|---|---|---|---|---|---|---|---|---|---|---|---|---|---|
| Dewey Decimal Classification | Not For Loan | D.B.Act.Division | D.B.Act.Division | 18/05/2009 | DBAD / PUB | 155.00 | 921 सनाढ्य | HN-58878 | 18/05/2009 | 1 | 155.00 | Hindi Books |
